Catalog

Record Details

Catalog Search



Sociální hnutí : teorie, koncepce, představitelé  Cover Image Book Book

Sociální hnutí : teorie, koncepce, představitelé / František Znebejánek

Record details

  • ISBN: 80-85850-31-1
  • Physical Description: 175 s. ; 20 cm
  • Edition: Vyd. 1.
  • Publisher: Praha : Sociologické nakladatelství, 1997

Content descriptions

Bibliography, etc. Note:
Jmenný a věcný rejstřík
Bibliogr.
Subject: sociální hnutí > teorie
Genre: studie

Available copies

  • 1 of 1 copy available at Common Catalog SPOK.

Holds

  • 0 current holds with 1 total copy.
Show Only Available Copies
Location Call Number / Copy Notes Barcode Shelving Location Status Due Date
Jabok Library Soc-1.2 424480014699 Odborná literatura Available -

LDR 01156nam a2200337 a 4500
00111891
003CZ-PrJAB
00520220606093955.0
007tu
008980105s1997 xr e 001 0 cze
015 . ‡acnb000282554
020 . ‡a80-85850-31-1 ‡q(brož.) : ‡cKč 85,00
035 . ‡a(CZ PrNK)cpk19970282554
035 . ‡a(OCoLC)38973322
040 . ‡aABA001 ‡bcze
072 7. ‡a316.4 ‡xSociální procesy ‡2Konspekt ‡918
080 . ‡a316.4 ‡2undef
1001 . ‡aZnebejánek, František, ‡d1951- ‡7jn19990210847 ‡4aut
24510. ‡aSociální hnutí : ‡bteorie, koncepce, představitelé / ‡cFrantišek Znebejánek
250 . ‡aVyd. 1.
260 . ‡aPraha : ‡bSociologické nakladatelství, ‡c1997
300 . ‡a175 s. ; ‡c20 cm
4901 . ‡aZáklady sociologie ; ‡vsv. 3
504 . ‡aJmenný a věcný rejstřík
504 . ‡aBibliogr.
65007. ‡asociální hnutí ‡7ph116205 ‡xteorie ‡2czenas
655 7. ‡astudie ‡7fd133597 ‡2czenas
830 0. ‡aZáklady sociologie
910 . ‡aABG312
995 . ‡aska
901 . ‡a11891 ‡bCZ-PrJAB ‡c11891 ‡tbiblio

Additional Resources